[Event "Ruhrgebiet VL2 0405"]
[Site "Ruhrgebiet"]
[Date "2005.02.20"]
[Round "7.2"]
[White "Galinsky, Michael"]
[Black "Jellinghaus, Lars"]
[Result "0-1"]
[WhiteElo "2170"]
[BlackElo "2069"]
[PlyCount "66"]
[EventDate "2004.09.12"]
[EventType "team"]
[EventRounds "9"]
[EventCountry "GER"]
[SourceTitle "EXT 2006"]
[Source "ChessBase"]
[SourceDate "2005.11.24"]
[SourceVersion "1"]
[SourceVersionDate "2005.11.24"]
[SourceQuality "1"]
[WhiteTeam "Altstadt RE"]
[BlackTeam "Bochum Post"]
[WhiteTeamCountry "GER"]
[BlackTeamCountry "GER"]

1. e4 e6 2. d4 d5 3. Nc3 Nf6 4. e5 Nfd7 5. f4 c5 6. Nce2 Nc6 7. Nf3 Qb6 8. c3 f6 9. g3 cxd4 10. cxd4 Bb4+ 11. Bd2 fxe5 12. fxe5 0-0 13. Bg2 Ndxe5 14. dxe5 Nxe5 15. Ned4 Nd3+ 16. Ke2 Nxb2 17. Qb3 Qa6+ 18. Kf2 Nd3+ 19. Ke3 Bxd2+ 20. Kxd2 Nc5 21. Qc2 Ne4+ 22. Ke3 e5 23. Nxe5 Qh6+ 24. Kd3 Rf2 25. Qxf2 Nxf2+ 26. Ke2 Nxh1 27. Bxd5+ Kf8 28. Rf1+ Ke7 29. Bxh1 Qh5+ 30. Nef3 Bg4 31. Kf2 Rf8 32. Re1+ Kd7 33. h4 Qd5 0-1

[Event "Ruhrgebiet VL1 0304"]
[Site "Ruhrgebiet"]
[Date "2004.08.02"]
[Round "6.2"]
[White "Galinsky, Michael"]
[Black "Kemna, Guido"]
[Result "1/2-1/2"]
[WhiteElo "2184"]
[BlackElo "2201"]
[PlyCount "78"]
[EventDate "2003.09.28"]
[EventType "team"]
[EventRounds "9"]
[EventCountry "GER"]
[SourceTitle "EXT 2007"]
[Source "ChessBase"]
[SourceDate "2006.11.23"]
[SourceVersion "1"]
[SourceVersionDate "2006.11.23"]
[SourceQuality "1"]
[WhiteTeam "Gelsenkirchen II"]
[BlackTeam "Welper SV"]
[WhiteTeamCountry "GER"]
[BlackTeamCountry "GER"]

1. e4 c6 2. d4 d5 3. Nc3 g6 4. h3 Bg7 5. Nf3 dxe4 6. Nxe4 Nd7 7. Bc4 Ngf6 8. Nxf6+ Nxf6 9. Ne5 0-0 10. 0-0 Bf5 11. c3 Qb6 12. Qe2 Nd5 13. Bb3 a5 14. Ng4 Bxg4 15. hxg4 e6 16. Qf3 Rfd8 17. Rd1 a4 18. Bxd5 Rxd5 19. Qe2 Qa5 20. Be3 Qa6 21. Kf1 b5 22. a3 h5 23. gxh5 Rxh5 24. Kg1 Bf6 25. g3 Kg7 26. Kg2 Rah8 27. Rh1 Qb7 28. Qf3 Qd7 29. Bf4 Qd5 30. Rxh5 Rxh5 31. Qxd5 Rxd5 32. Kf3 Kf8 33. Re1 Rh5 34. Bd6+ Ke8 35. Be5 Be7 36. g4 Rh3+ 37. Bg3 Kd7 38. Kg2 Rh7 39. Rd1 Rh8 1/2-1/2